header

The postcolonial turn (Record no. 142908)

MARC details
000 -LEADER
fixed length control field 01676nam a2200337 a 4500
245 04 - TITLE STATEMENT
Title The postcolonial turn
260 ## - PUBLICATION, DISTRIBUTION, ETC. (IMPRINT)
Place of publication Bamenda, Cameroon :
Name of publisher Langaa RPCIG,
Year of publication 2011.
300 ## - PHYSICAL DESCRIPTION
Number of Pages xv, 448 p., [1] p. of plates :
Other physical details ill.
505 0# - FORMATTED CONTENTS NOTE
Formatted contents note pt. 1. A staunch critique of intellectual colonialism and the pursuit of sociocultural endogeneity -- pt. 2. Bifocality at the core of the borderlinking anthropological endeavour -- pt. 3. Cross-pollination in African academe between cosmopolitan sciences and local knowledge -- pt. 4. Toward the local domestication of the ruling modern logic: the 'clash of civilisations' revisited.
650 #0 - SUBJECT ADDED ENTRY--TOPICAL TERM
Topical Term Anthropology
Topical Term Postcolonialism
700 1# - ADDED ENTRY--PERSONAL NAME
Personal name Devisch, Rene.
Personal name Nyamnjoh, Francis B.,
856 40 - ELECTRONIC LOCATION AND ACCESS
Uniform Resource Identifier http://site.ebrary.com/lib/rucke/Doc?id=10524399

No items available.

© 2026 Rongo University
Contact us: librarian | system librarian | Rongo university